| 000 | 00802nam a2200265 i 4500 | ||
|---|---|---|---|
| 001 | bg | ||
| 003 | BPK | ||
| 005 | 20190830143545.0 | ||
| 008 | 011015s1996 pl a e |000 0 pol | ||
| 015 | _aPB 2002/3679 | ||
| 020 | _a8386986158 | ||
| 040 |
_aWA N _cBPK |
||
| 041 | 0 | _apol | |
| 080 | _a624.131 | ||
| 080 | _a(03) | ||
| 100 | 1 |
_aMyślińska, Elżbieta _d(1935- ). _eAutor |
|
| 245 | 1 | 0 |
_aLeksykon gruntoznawstwa / _cElżbieta Myślińska. |
| 260 |
_aWarszawa : _bPaństwowy Instytut Geologiczny, _c1996. |
||
| 300 |
_a147 s. : _bil. ; _c21 cm. |
||
| 504 | _aBibliogr., wykaz norm. | ||
| 655 | 4 | _aEncyklopedia | |
| 650 | 4 | _aGeologia inżynierska | |
| 856 |
_uhttp://koha.tu.koszalin.pl/cgi-bin/koha/opac-detail.pl?biblionumber=31250 _yKatalog online BPK |
||
| 942 |
_2UKD _cKS |
||
| 999 |
_c31250 _d31250 |
||